[Event "Irena Warakomska Memorial A"]
[Site "Suwalki"]
[Date "2021.07.27"]
[Round "1"]
[White "Antolak, Julia"]
[Black "Valantiejus, Vaidotas"]
[Result "1-0"]
[Board "25"]
[WhiteElo "2309"]
[WhiteTitle "WIM"]
[WhiteCountry "POL"]
[WhiteFideId "1159569"]
[WhiteEloChange "5"]
[BlackElo "2124"]
[BlackCountry "LTU"]
[BlackFideId "12807370"]
[BlackEloChange "-5"]

1. e4 {[%clk 1:30:16]} c5 {[%clk 1:30:52]} 2. Nf3 {[%clk 1:30:30]} e6 {[%clk
1:31:04]} 3. g3 {[%clk 1:30:39]} Nc6 {[%clk 1:30:32]} 4. Bg2 {[%clk 1:30:26]} d5
{[%clk 1:30:33]} 5. e5 {[%clk 1:29:44]} g6 {[%clk 1:24:49]} 6. O-O {[%clk
1:29:23]} Bg7 {[%clk 1:25:07]} 7. Re1 {[%clk 1:29:25]} Nge7 {[%clk 1:25:16]} 8.
d3 {[%clk 1:29:21]} O-O {[%clk 1:23:28]} 9. Qe2 {[%clk 1:26:29]} b6 {[%clk
1:14:07]} 10. h4 {[%clk 1:24:29]} Bb7 {[%clk 1:06:08]} 11. Nbd2 {[%clk 1:23:05]}
Nf5 {[%clk 1:02:34]} 12. c3 {[%clk 1:22:02]} Rb8 {[%clk 0:59:36]} 13. Nf1 {[%clk
1:20:39]} b5 {[%clk 0:50:12]} 14. Bg5 {[%clk 1:10:42]} Qc7 {[%clk 0:43:35]} 15.
N1h2 {[%clk 1:05:12]} h6 {[%clk 0:37:44]} 16. Bf4 {[%clk 1:04:03]} Rbd8 {[%clk
0:32:23]} 17. Qd2 {[%clk 0:59:14]} Qe7 {[%clk 0:27:07]} 18. a3 {[%clk 0:48:48]}
d4 {[%clk 0:26:23]} 19. Rad1 {[%clk 0:44:47]} dxc3 {[%clk 0:25:26]} 20. bxc3
{[%clk 0:45:06]} b4 {[%clk 0:23:54]} 21. axb4 {[%clk 0:45:06]} cxb4 {[%clk
0:24:22]} 22. Ng4 {[%clk 0:42:00]} bxc3 {[%clk 0:23:05]} 23. Qxc3 {[%clk
0:42:05]} Qb4 {[%clk 0:21:40]} 24. Qc1 {[%clk 0:39:13]} Rc8 {[%clk 0:21:08]} 25.
Qa1 {[%clk 0:34:51]} Nxh4 {[%clk 0:10:41]} 26. Nxh4 {[%clk 0:31:20]} g5 {[%clk
0:10:57]} 27. Bd2 {[%clk 0:27:35]} Qxg4 {[%clk 0:09:18]} 28. Re4 {[%clk 0:27:54]}
Qh5 {[%clk 0:00:38]} 29. Bf3 {[%clk 0:28:02]} Nxe5 {[%clk 0:00:33]} 30. Bxh5
{[%clk 0:27:14]} Bxe4 {[%clk 0:00:32]} 31. dxe4 {[%clk 0:25:39]} gxh4 {[%clk
0:00:41]} 32. Qxa7 {[%clk 0:25:10]} hxg3 {[%clk 0:01:04]} 33. fxg3 {[%clk
0:24:41]} Rfd8 {[%clk 0:00:34]} 34. Be3 {[%clk 0:23:58]} Rxd1+ {[%clk 0:00:47]}
35. Bxd1 {[%clk 0:24:26]} Rd8 {[%clk 0:00:44]} 36. Be2 {[%clk 0:24:27]} Rd7
{[%clk 0:00:49]} 37. Qb8+ {[%clk 0:23:43]} Kh7 {[%clk 0:01:13]} 38. Qe8 {[%clk
0:22:20]} Rb7 {[%clk 0:01:19]} 39. Bf4 {[%clk 0:21:24]} Ng6 {[%clk 0:01:08]} 40.
Bh5 {[%clk 0:50:38]} Rb1+ {[%clk 0:30:36]} 41. Kh2 {[%clk 0:50:12]} Rb2+ {[%clk
0:30:55]} 42. Kh3 {[%clk 0:49:08]} Rb7 {[%clk 0:31:18]} 43. Bxg6+ {[%clk
0:44:21]} Kxg6 {[%clk 0:30:59]} 44. Qg8 {[%clk 0:44:47]} Rb5 {[%clk 0:30:56]} 45.
Bd6 {[%clk 0:44:25]} 1-0

[Event "Irena Warakomska Memorial A"]
[Site "Suwalki"]
[Date "2021.07.27"]
[Round "1"]
[White "Maj, Pawel"]
[Black "Sliwicka, Alicja"]
[Result "0-1"]
[Board "26"]
[WhiteElo "2113"]
[WhiteCountry "POL"]
[WhiteFideId "21818290"]
[WhiteEloChange "-5"]
[BlackElo "2308"]
[BlackTitle "WIM"]
[BlackCountry "POL"]
[BlackFideId "1150677"]
[BlackEloChange "5"]

1. e4 {[%clk 1:30:57]} c5 {[%clk 1:29:49]} 2. Nf3 {[%clk 1:31:18]} d6 {[%clk
1:30:01]} 3. d4 {[%clk 1:31:41]} cxd4 {[%clk 1:30:26]} 4. Nxd4 {[%clk 1:32:06]}
Nf6 {[%clk 1:30:49]} 5. Nc3 {[%clk 1:32:31]} Nc6 {[%clk 1:31:07]} 6. Bg5 {[%clk
1:32:48]} g6 {[%clk 1:31:26]} 7. Bxf6 {[%clk 1:32:42]} exf6 {[%clk 1:31:51]} 8.
Bb5 {[%clk 1:32:38]} Bd7 {[%clk 1:32:14]} 9. Qd2 {[%clk 1:31:31]} Bg7 {[%clk
1:32:34]} 10. O-O-O {[%clk 1:30:05]} O-O {[%clk 1:32:46]} 11. Nxc6 {[%clk
1:19:23]} Bxc6 {[%clk 1:29:06]} 12. f4 {[%clk 0:56:49]} f5 {[%clk 1:23:47]} 13.
Bxc6 {[%clk 0:55:47]} bxc6 {[%clk 1:24:06]} 14. exf5 {[%clk 0:54:27]} Rb8 {[%clk
1:09:46]} 15. Na4 {[%clk 0:44:47]} Qf6 {[%clk 1:08:55]} 16. c3 {[%clk 0:44:26]}
Qxf5 {[%clk 1:09:12]} 17. Rhe1 {[%clk 0:36:49]} d5 {[%clk 1:06:30]} 18. g3 {[%clk
0:36:36]} Rfd8 {[%clk 1:05:33]} 19. Qd3 {[%clk 0:33:30]} Qf6 {[%clk 1:00:14]} 20.
Re2 {[%clk 0:33:32]} Qd6 {[%clk 0:56:13]} 21. Rde1 {[%clk 0:27:44]} c5 {[%clk
0:51:59]} 22. Re7 {[%clk 0:22:31]} c4 {[%clk 0:49:39]} 23. Qc2 {[%clk 0:19:26]}
a6 {[%clk 0:46:18]} 24. h4 {[%clk 0:18:09]} Qc6 {[%clk 0:41:44]} 25. h5 {[%clk
0:17:00]} Re8 {[%clk 0:41:25]} 26. hxg6 {[%clk 0:15:01]} hxg6 {[%clk 0:41:42]}
27. b3 {[%clk 0:11:03]} Rxe7 {[%clk 0:40:41]} 28. Rxe7 {[%clk 0:11:27]} Qd6
{[%clk 0:39:22]} 29. Re2 {[%clk 0:09:12]} d4 {[%clk 0:39:19]} 30. cxd4 {[%clk
0:09:11]} cxb3 {[%clk 0:39:12]} 31. axb3 {[%clk 0:07:27]} Qxd4 {[%clk 0:38:23]}
32. Nb2 {[%clk 0:04:34]} Qg1+ {[%clk 0:38:22]} 33. Qd1 {[%clk 0:04:29]} Qxg3
{[%clk 0:38:19]} 34. Nd3 {[%clk 0:04:27]} Rd8 {[%clk 0:36:51]} 35. Kc2 {[%clk
0:04:52]} Qh3 {[%clk 0:36:48]} 36. Re4 {[%clk 0:04:42]} Bd4 {[%clk 0:30:01]} 37.
Kb1 {[%clk 0:01:58]} Qc8 {[%clk 0:24:25]} 38. Qc2 {[%clk 0:01:32]} Qf5 {[%clk
0:21:24]} 39. Qc6 {[%clk 0:01:30]} Kg7 {[%clk 0:17:37]} 40. Qb7 {[%clk 0:30:34]}
Rb8 {[%clk 0:45:25]} 41. Qc6 {[%clk 0:28:12]} Rxb3+ {[%clk 0:41:57]} 0-1

[Event "Irena Warakomska Memorial A"]
[Site "Suwalki"]
[Date "2021.07.27"]
[Round "1"]
[White "Krzywda, Andrzej"]
[Black "Zakrzewski, Marek"]
[Result "0-1"]
[Board "27"]
[WhiteElo "2105"]
[WhiteTitle "CM"]
[WhiteCountry "POL"]
[WhiteFideId "1114565"]
[WhiteEloChange "-5"]
[BlackElo "2295"]
[BlackTitle "FM"]
[BlackCountry "POL"]
[BlackFideId "1170694"]
[BlackEloChange "5"]

1. e4 {[%clk 1:30:56]} c5 {[%clk 1:30:42]} 2. Nc3 {[%clk 1:31:09]} e6 {[%clk
1:31:05]} 3. f4 {[%clk 1:30:16]} d5 {[%clk 1:31:29]} 4. Nf3 {[%clk 1:29:35]} dxe4
{[%clk 1:31:51]} 5. Bb5+ {[%clk 1:23:36]} Bd7 {[%clk 1:28:32]} 6. Bxd7+ {[%clk
1:23:17]} Nxd7 {[%clk 1:27:40]} 7. Nxe4 {[%clk 1:23:23]} Ngf6 {[%clk 1:27:20]} 8.
Qe2 {[%clk 1:22:32]} Be7 {[%clk 1:20:01]} 9. f5 {[%clk 1:18:24]} Nxe4 {[%clk
1:13:59]} 10. Qxe4 {[%clk 1:18:37]} exf5 {[%clk 1:14:22]} 11. Qxb7 {[%clk
1:14:47]} O-O {[%clk 1:14:21]} 12. O-O {[%clk 1:14:12]} c4 {[%clk 0:59:42]} 13.
Qd5 {[%clk 1:01:20]} Qb6+ {[%clk 0:56:56]} 14. Kh1 {[%clk 1:01:43]} Qe6 {[%clk
0:57:21]} 15. Qxe6 {[%clk 0:52:13]} fxe6 {[%clk 0:57:44]} 16. b3 {[%clk 0:47:56]}
Bf6 {[%clk 0:40:37]} 17. Rb1 {[%clk 0:45:21]} Rfc8 {[%clk 0:36:16]} 18. bxc4
{[%clk 0:41:43]} Rxc4 {[%clk 0:36:33]} 19. Rb7 {[%clk 0:40:07]} Nb6 {[%clk
0:34:38]} 20. c3 {[%clk 0:32:40]} e5 {[%clk 0:27:09]} 21. d4 {[%clk 0:22:59]} e4
{[%clk 0:26:51]} 22. Ne5 {[%clk 0:15:49]} Rxc3 {[%clk 0:27:06]} 23. g4 {[%clk
0:13:45]} Rac8 {[%clk 0:23:04]} 24. Bf4 {[%clk 0:11:31]} fxg4 {[%clk 0:15:38]}
25. Nxg4 {[%clk 0:08:05]} Bxd4 {[%clk 0:15:52]} 26. Be5 {[%clk 0:02:14]} Bxe5
{[%clk 0:12:01]} 27. Nxe5 {[%clk 0:02:42]} R3c7 {[%clk 0:12:07]} 28. Rxc7 {[%clk
0:01:19]} Rxc7 {[%clk 0:12:34]} 29. Rd1 {[%clk 0:01:07]} h5 {[%clk 0:10:36]} 30.
Re1 {[%clk 0:00:53]} Rc2 {[%clk 0:09:50]} 31. Rxe4 {[%clk 0:00:39]} Rxa2 {[%clk
0:10:16]} 32. Ng6 {[%clk 0:00:40]} a5 {[%clk 0:05:42]} 33. h4 {[%clk 0:00:54]} a4
{[%clk 0:04:28]} 34. Nf4 {[%clk 0:00:40]} a3 {[%clk 0:04:25]} 35. Rb4 {[%clk
0:00:31]} Rb2 {[%clk 0:04:45]} 36. Nd3 {[%clk 0:00:43]} a2 {[%clk 0:05:07]} 37.
Rxb2 {[%clk 0:00:42]} a1=Q+ {[%clk 0:05:29]} 38. Kg2 {[%clk 0:00:55]} Qa3 {[%clk
0:05:29]} 39. Rxb6 {[%clk 0:00:43]} Qxd3 {[%clk 0:05:54]} 0-1

[Event "Irena Warakomska Memorial A"]
[Site "Suwalki"]
[Date "2021.07.27"]
[Round "1"]
[White "Schippers, Maurice"]
[Black "Golenia, Jan"]
[Result "1-0"]
[Board "28"]
[WhiteElo "2292"]
[WhiteTitle "FM"]
[WhiteCountry "NED"]
[WhiteFideId "1004735"]
[WhiteEloChange "5"]
[BlackElo "2103"]
[BlackCountry "POL"]
[BlackFideId "21800227"]
[BlackEloChange "-5"]

1. e4 {[%clk 1:30:52]} e5 {[%clk 1:30:23]} 2. Nf3 {[%clk 1:31:01]} Nc6 {[%clk
1:30:46]} 3. Bc4 {[%clk 1:30:56]} Nf6 {[%clk 1:30:29]} 4. Ng5 {[%clk 1:29:51]} d5
{[%clk 1:30:24]} 5. exd5 {[%clk 1:29:59]} Na5 {[%clk 1:30:45]} 6. Bb5+ {[%clk
1:29:47]} c6 {[%clk 1:30:53]} 7. dxc6 {[%clk 1:30:06]} bxc6 {[%clk 1:31:16]} 8.
Be2 {[%clk 1:29:28]} h6 {[%clk 1:30:31]} 9. Nh3 {[%clk 1:28:34]} Be6 {[%clk
1:23:03]} 10. O-O {[%clk 1:24:50]} Be7 {[%clk 1:12:24]} 11. d3 {[%clk 1:21:39]}
Rb8 {[%clk 1:09:50]} 12. a3 {[%clk 1:07:54]} c5 {[%clk 1:07:42]} 13. Nc3 {[%clk
1:01:14]} Nc6 {[%clk 1:04:35]} 14. f4 {[%clk 0:55:26]} Bxh3 {[%clk 0:57:34]} 15.
gxh3 {[%clk 0:55:40]} exf4 {[%clk 0:53:46]} 16. Rxf4 {[%clk 0:53:09]} O-O {[%clk
0:49:16]} 17. Kh1 {[%clk 0:47:29]} Nd4 {[%clk 0:31:27]} 18. Bf1 {[%clk 0:46:13]}
Nd5 {[%clk 0:29:03]} 19. Nxd5 {[%clk 0:41:58]} Qxd5+ {[%clk 0:29:30]} 20. Bg2
{[%clk 0:42:07]} Qd7 {[%clk 0:28:00]} 21. b3 {[%clk 0:27:20]} f5 {[%clk 0:23:20]}
22. Rb1 {[%clk 0:15:37]} Bd6 {[%clk 0:12:49]} 23. Rf2 {[%clk 0:14:42]} Be5 {[%clk
0:13:00]} 24. c4 {[%clk 0:09:50]} Kh8 {[%clk 0:09:45]} 25. b4 {[%clk 0:07:33]}
Qd6 {[%clk 0:08:22]} 26. Bd2 {[%clk 0:05:48]} Bxh2 {[%clk 0:06:05]} 27. bxc5
{[%clk 0:03:53]} Rxb1 {[%clk 0:05:50]} 28. Qxb1 {[%clk 0:03:55]} Qg3 {[%clk
0:06:12]} 29. Qf1 {[%clk 0:04:03]} Qc7 {[%clk 0:02:09]} 30. Bd5 {[%clk 0:04:04]}
Bg3 {[%clk 0:00:57]} 31. Rg2 {[%clk 0:02:24]} 1-0

[Event "Irena Warakomska Memorial A"]
[Site "Suwalki"]
[Date "2021.07.27"]
[Round "1"]
[White "Golenia, Wojciech"]
[Black "Szadkowski, Kamil"]
[Result "0-1"]
[Board "29"]
[WhiteElo "2102"]
[WhiteCountry "POL"]
[WhiteFideId "1175300"]
[WhiteEloChange "-5"]
[BlackElo "2282"]
[BlackTitle "FM"]
[BlackCountry "POL"]
[BlackFideId "1123203"]
[BlackEloChange "5"]

1. d4 {[%clk 1:30:16]} Nf6 {[%clk 1:30:27]} 2. Bf4 {[%clk 1:30:30]} g6 {[%clk
1:30:03]} 3. Nc3 {[%clk 1:30:47]} Bg7 {[%clk 1:29:47]} 4. e4 {[%clk 1:30:06]} d6
{[%clk 1:29:57]} 5. Qd2 {[%clk 1:26:42]} O-O {[%clk 1:19:56]} 6. Bh6 {[%clk
1:23:10]} c5 {[%clk 1:16:31]} 7. Bxg7 {[%clk 1:18:12]} Kxg7 {[%clk 1:15:08]} 8.
d5 {[%clk 1:12:42]} Nbd7 {[%clk 1:14:12]} 9. a4 {[%clk 0:56:47]} Qa5 {[%clk
1:10:14]} 10. f4 {[%clk 0:46:45]} Qb4 {[%clk 0:45:37]} 11. Bd3 {[%clk 0:44:52]}
c4 {[%clk 0:35:02]} 12. Be2 {[%clk 0:44:16]} Qxb2 {[%clk 0:34:47]} 13. Rb1 {[%clk
0:41:52]} Qa3 {[%clk 0:34:17]} 14. Nf3 {[%clk 0:40:11]} Nc5 {[%clk 0:31:25]} 15.
Qd4 {[%clk 0:32:51]} Nxa4 {[%clk 0:24:59]} 16. Nxa4 {[%clk 0:30:55]} Qxa4 {[%clk
0:25:16]} 17. e5 {[%clk 0:28:14]} dxe5 {[%clk 0:24:39]} 18. fxe5 {[%clk 0:27:13]}
Qa5+ {[%clk 0:24:10]} 19. Nd2 {[%clk 0:25:32]} Nxd5 {[%clk 0:22:33]} 20. Bxc4
{[%clk 0:17:22]} Be6 {[%clk 0:17:44]} 21. Rb5 {[%clk 0:06:19]} Qa4 {[%clk
0:16:26]} 22. O-O {[%clk 0:04:52]} Nc7 {[%clk 0:05:51]} 23. Rc5 {[%clk 0:01:43]}
Na6 {[%clk 0:04:32]} 24. Ra1 {[%clk 0:01:07]} Qxa1+ {[%clk 0:04:50]} 25. Qxa1
{[%clk 0:01:32]} Nxc5 {[%clk 0:05:18]} 26. Nb3 {[%clk 0:01:30]} Nxb3 {[%clk
0:05:16]} 27. cxb3 {[%clk 0:01:23]} Bxc4 {[%clk 0:05:37]} 28. e6+ {[%clk
0:01:40]} f6 {[%clk 0:05:51]} 29. bxc4 {[%clk 0:02:04]} a5 {[%clk 0:06:14]} 30.
Qa4 {[%clk 0:02:00]} Rfc8 {[%clk 0:06:04]} 31. Qd7 {[%clk 0:01:55]} Kf8 {[%clk
0:06:28]} 32. h4 {[%clk 0:02:00]} a4 {[%clk 0:06:10]} 33. h5 {[%clk 0:02:18]} a3
{[%clk 0:06:35]} 34. Qd2 {[%clk 0:01:52]} a2 {[%clk 0:06:39]} 35. hxg6 {[%clk
0:00:37]} a1=Q+ {[%clk 0:07:00]} 0-1

[Event "Irena Warakomska Memorial A"]
[Site "Suwalki"]
[Date "2021.07.27"]
[Round "1"]
[White "Paszewski, Mateusz"]
[Black "Dwilewicz, Katarzyna"]
[Result "1-0"]
[Board "30"]
[WhiteElo "2280"]
[WhiteTitle "FM"]
[WhiteCountry "POL"]
[WhiteFideId "1141058"]
[WhiteEloChange "5"]
[BlackElo "2082"]
[BlackTitle "WFM"]
[BlackCountry "POL"]
[BlackFideId "1148486"]
[BlackEloChange "-5"]

1. c4 {[%clk 1:30:52]} Nf6 {[%clk 1:29:55]} 2. Nf3 {[%clk 1:30:14]} e6 {[%clk
1:30:12]} 3. g3 {[%clk 1:30:41]} d5 {[%clk 1:30:38]} 4. Bg2 {[%clk 1:31:09]} dxc4
{[%clk 1:30:43]} 5. Qa4+ {[%clk 1:31:34]} Bd7 {[%clk 1:27:01]} 6. Qxc4 {[%clk
1:31:00]} c5 {[%clk 1:27:07]} 7. Ne5 {[%clk 1:31:18]} Qc8 {[%clk 1:23:16]} 8. Qd3
{[%clk 1:30:18]} Nc6 {[%clk 1:21:41]} 9. Nxd7 {[%clk 1:29:33]} Nxd7 {[%clk
1:19:30]} 10. Nc3 {[%clk 1:29:55]} Be7 {[%clk 1:18:52]} 11. O-O {[%clk 1:29:48]}
O-O {[%clk 1:16:42]} 12. b3 {[%clk 1:30:05]} Bf6 {[%clk 1:14:15]} 13. Bb2 {[%clk
1:28:12]} Rd8 {[%clk 1:10:36]} 14. Rac1 {[%clk 1:25:00]} Nb6 {[%clk 0:59:32]} 15.
Qe3 {[%clk 1:07:58]} Bd4 {[%clk 0:51:11]} 16. Qe4 {[%clk 1:02:50]} Rd7 {[%clk
0:44:58]} 17. Rfd1 {[%clk 0:57:13]} Qd8 {[%clk 0:44:02]} 18. Qb1 {[%clk 0:45:23]}
Rc8 {[%clk 0:38:53]} 19. d3 {[%clk 0:38:24]} Nb4 {[%clk 0:33:16]} 20. Nb5 {[%clk
0:29:32]} Bxb2 {[%clk 0:31:48]} 21. Qxb2 {[%clk 0:30:01]} a6 {[%clk 0:31:39]} 22.
Nc3 {[%clk 0:30:22]} Qf6 {[%clk 0:29:47]} 23. Rd2 {[%clk 0:26:38]} h6 {[%clk
0:21:51]} 24. Ne4 {[%clk 0:19:59]} Qe7 {[%clk 0:19:28]} 25. a3 {[%clk 0:13:33]}
N4d5 {[%clk 0:19:52]} 26. Rdc2 {[%clk 0:13:56]} Rdc7 {[%clk 0:19:55]} 27. Qe5
{[%clk 0:12:25]} Nd7 {[%clk 0:18:13]} 28. Qb2 {[%clk 0:11:02]} Nb8 {[%clk
0:13:09]} 29. Nd2 {[%clk 0:07:36]} Nd7 {[%clk 0:09:55]} 30. d4 {[%clk 0:04:56]}
cxd4 {[%clk 0:07:41]} 31. Rxc7 {[%clk 0:05:22]} Rxc7 {[%clk 0:08:05]} 32. Rxc7
{[%clk 0:05:46]} Nxc7 {[%clk 0:08:32]} 33. Qxd4 {[%clk 0:06:12]} Nb5 {[%clk
0:06:56]} 34. Qb4 {[%clk 0:01:23]} Qxb4 {[%clk 0:06:56]} 35. axb4 {[%clk
0:01:52]} Nd6 {[%clk 0:02:55]} 36. Nc4 {[%clk 0:01:33]} Nxc4 {[%clk 0:03:04]} 37.
bxc4 {[%clk 0:02:02]} b6 {[%clk 0:03:24]} 38. Bb7 {[%clk 0:01:42]} a5 {[%clk
0:03:29]} 39. c5 {[%clk 0:01:55]} bxc5 {[%clk 0:00:35]} 40. bxa5 {[%clk 0:32:19]}
c4 {[%clk 0:31:04]} 41. Kf1 {[%clk 0:27:15]} c3 {[%clk 0:30:30]} 42. Ke1 {[%clk
0:26:47]} Nc5 {[%clk 0:30:56]} 43. a6 {[%clk 0:26:58]} Nb3 {[%clk 0:31:10]} 44.
a7 {[%clk 0:27:09]} 1-0

[Event "Irena Warakomska Memorial A"]
[Site "Suwalki"]
[Date "2021.07.27"]
[Round "1"]
[White "Kacprzak, Kacper"]
[Black "Budrewicz, Krzysztof"]
[Result "0-1"]
[Board "31"]
[WhiteElo "2075"]
[WhiteCountry "POL"]
[WhiteFideId "21819319"]
[WhiteEloChange "-5"]
[BlackElo "2279"]
[BlackCountry "POL"]
[BlackFideId "1127950"]
[BlackEloChange "5"]

1. d4 {[%clk 1:30:54]} g6 {[%clk 1:30:08]} 2. e4 {[%clk 1:31:18]} Bg7 {[%clk
1:30:33]} 3. Nc3 {[%clk 1:31:44]} c5 {[%clk 1:30:39]} 4. d5 {[%clk 1:30:31]} d6
{[%clk 1:29:52]} 5. Bb5+ {[%clk 1:29:48]} Bd7 {[%clk 1:27:55]} 6. a4 {[%clk
1:28:56]} Na6 {[%clk 1:27:49]} 7. Nf3 {[%clk 1:21:49]} Nc7 {[%clk 1:27:52]} 8.
Be2 {[%clk 1:20:21]} Nf6 {[%clk 1:25:58]} 9. O-O {[%clk 1:17:49]} O-O {[%clk
1:26:06]} 10. Re1 {[%clk 1:11:22]} Nfe8 {[%clk 1:08:12]} 11. Bf4 {[%clk 0:56:18]}
e5 {[%clk 1:02:03]} 12. Bg5 {[%clk 0:44:12]} f6 {[%clk 1:00:07]} 13. Bh4 {[%clk
0:41:02]} h5 {[%clk 0:49:14]} 14. Bg3 {[%clk 0:39:37]} b6 {[%clk 0:41:23]} 15. h3
{[%clk 0:36:05]} f5 {[%clk 0:33:29]} 16. Bh4 {[%clk 0:32:14]} Bf6 {[%clk
0:33:35]} 17. Bxf6 {[%clk 0:32:39]} Qxf6 {[%clk 0:32:32]} 18. exf5 {[%clk
0:30:35]} Bxf5 {[%clk 0:22:01]} 19. Nd2 {[%clk 0:25:35]} a6 {[%clk 0:19:35]} 20.
Bf3 {[%clk 0:20:28]} Qe7 {[%clk 0:16:56]} 21. Nde4 {[%clk 0:14:43]} Nf6 {[%clk
0:15:47]} 22. Qd2 {[%clk 0:13:26]} Nxe4 {[%clk 0:13:30]} 23. Bxe4 {[%clk
0:13:32]} Qf6 {[%clk 0:10:02]} 24. Re3 {[%clk 0:10:53]} b5 {[%clk 0:08:51]} 25.
axb5 {[%clk 0:09:23]} axb5 {[%clk 0:09:17]} 26. Rxa8 {[%clk 0:08:21]} Rxa8 {[%clk
0:09:20]} 27. Rf3 {[%clk 0:07:40]} b4 {[%clk 0:08:18]} 28. Ne2 {[%clk 0:07:05]}
h4 {[%clk 0:06:21]} 29. c3 {[%clk 0:06:05]} bxc3 {[%clk 0:06:03]} 30. Nxc3 {[%clk
0:05:12]} Rf8 {[%clk 0:05:50]} 31. Qh6 {[%clk 0:04:27]} Ne8 {[%clk 0:06:11]} 32.
Kh2 {[%clk 0:04:11]} Ng7 {[%clk 0:06:11]} 33. g4 {[%clk 0:03:13]} hxg3+ {[%clk
0:06:17]} 34. fxg3 {[%clk 0:03:39]} Qe7 {[%clk 0:01:23]} 35. g4 {[%clk 0:03:42]}
Bxe4 {[%clk 0:01:47]} 36. Rxf8+ {[%clk 0:04:07]} Qxf8 {[%clk 0:01:43]} 37. Nxe4
{[%clk 0:04:32]} Qf7 {[%clk 0:01:31]} 38. Kg1 {[%clk 0:03:03]} Ne8 {[%clk
0:01:46]} 39. Ng5 {[%clk 0:02:14]} Qg7 {[%clk 0:01:42]} 40. Qh4 {[%clk 0:31:53]}
Qe7 {[%clk 0:31:28]} 41. Qh6 {[%clk 0:29:36]} Qg7 {[%clk 0:30:01]} 42. Qh4 {[%clk
0:29:52]} Qa7 {[%clk 0:27:00]} 43. Qf2 {[%clk 0:23:35]} Qe7 {[%clk 0:27:01]} 44.
Ne4 {[%clk 0:17:08]} Kg7 {[%clk 0:24:34]} 45. Kg2 {[%clk 0:16:01]} Qb7 {[%clk
0:24:02]} 46. Qd2 {[%clk 0:15:42]} Qb3 {[%clk 0:23:15]} 47. h4 {[%clk 0:12:58]}
Qc4 {[%clk 0:21:14]} 48. Kf3 {[%clk 0:12:18]} Nf6 {[%clk 0:11:55]} 49. Nxf6
{[%clk 0:12:23]} Kxf6 {[%clk 0:12:22]} 50. Qg5+ {[%clk 0:09:30]} Kf7 {[%clk
0:12:42]} 51. Qd2 {[%clk 0:09:53]} Kg7 {[%clk 0:11:22]} 52. h5 {[%clk 0:07:06]}
Qf1+ {[%clk 0:11:22]} 53. Kg3 {[%clk 0:07:06]} Qf6 {[%clk 0:10:21]} 54. hxg6
{[%clk 0:07:00]} Kxg6 {[%clk 0:10:21]} 55. Qe3 {[%clk 0:05:49]} Qf1 {[%clk
0:09:58]} 56. b3 {[%clk 0:05:10]} Qd1 {[%clk 0:08:57]} 57. Qe4+ {[%clk 0:05:06]}
Kg7 {[%clk 0:09:21]} 58. Qc4 {[%clk 0:04:01]} Kf6 {[%clk 0:09:09]} 59. Qe4 {[%clk
0:03:50]} Qg1+ {[%clk 0:08:07]} 60. Kh3 {[%clk 0:03:42]} Qf1+ {[%clk 0:08:16]}
61. Kg3 {[%clk 0:03:42]} Qg1+ {[%clk 0:07:57]} 62. Kh3 {[%clk 0:04:07]} Qf2
{[%clk 0:08:11]} 63. g5+ {[%clk 0:03:20]} Kg7 {[%clk 0:04:15]} 64. Qg4 {[%clk
0:02:49]} Qe3+ {[%clk 0:04:06]} 65. Kg2 {[%clk 0:01:32]} Qd2+ {[%clk 0:04:20]}
66. Kh3 {[%clk 0:01:58]} Qd3+ {[%clk 0:03:43]} 67. Kh2 {[%clk 0:01:58]} Qxd5
{[%clk 0:03:25]} 68. Qd7+ {[%clk 0:02:24]} Kg6 {[%clk 0:03:48]} 69. Qe8+ {[%clk
0:02:49]} Kxg5 {[%clk 0:04:07]} 70. Qe7+ {[%clk 0:03:12]} Kf4 {[%clk 0:04:19]}
71. Qh4+ {[%clk 0:03:37]} Kf3 {[%clk 0:03:34]} 72. Qe1 {[%clk 0:03:42]} Qd4
{[%clk 0:03:08]} 0-1

[Event "Irena Warakomska Memorial A"]
[Site "Suwalki"]
[Date "2021.07.27"]
[Round "1"]
[White "Luberanski, Jakub"]
[Black "Krainski, Aleksander"]
[Result "1-0"]
[Board "32"]
[WhiteElo "2274"]
[WhiteTitle "FM"]
[WhiteCountry "POL"]
[WhiteFideId "21830509"]
[WhiteEloChange "5"]
[BlackElo "2066"]
[BlackTitle "FM"]
[BlackCountry "POL"]
[BlackFideId "1102400"]
[BlackEloChange "-5"]

1. d4 {[%clk 1:30:57]} d5 {[%clk 1:30:45]} 2. c4 {[%clk 1:31:23]} e6 {[%clk
1:31:09]} 3. Nc3 {[%clk 1:31:48]} Nf6 {[%clk 1:31:25]} 4. cxd5 {[%clk 1:32:13]}
exd5 {[%clk 1:31:47]} 5. Bg5 {[%clk 1:32:39]} c6 {[%clk 1:31:38]} 6. e3 {[%clk
1:32:53]} h6 {[%clk 1:31:55]} 7. Bh4 {[%clk 1:33:11]} Be7 {[%clk 1:32:15]} 8. Bd3
{[%clk 1:33:25]} O-O {[%clk 1:32:29]} 9. Qc2 {[%clk 1:33:40]} Re8 {[%clk
1:32:49]} 10. Nge2 {[%clk 1:32:27]} Nbd7 {[%clk 1:31:45]} 11. O-O {[%clk
1:32:41]} b5 {[%clk 1:32:07]} 12. a4 {[%clk 1:21:13]} b4 {[%clk 1:31:59]} 13. Nb1
{[%clk 1:20:35]} Bb7 {[%clk 1:32:12]} 14. Nd2 {[%clk 1:18:48]} Rc8 {[%clk
1:30:15]} 15. Nb3 {[%clk 1:12:47]} Ne4 {[%clk 1:28:33]} 16. Bxe7 {[%clk 1:11:51]}
Qxe7 {[%clk 1:28:56]} 17. Rfc1 {[%clk 0:54:14]} Nxf2 {[%clk 1:19:57]} 18. Kxf2
{[%clk 0:52:18]} Qxe3+ {[%clk 1:20:14]} 19. Kf1 {[%clk 0:47:38]} Re6 {[%clk
1:17:29]} 20. Nd2 {[%clk 0:38:57]} c5 {[%clk 1:08:49]} 21. Nf3 {[%clk 0:34:10]}
Rf6 {[%clk 0:47:03]} 22. Bf5 {[%clk 0:19:54]} cxd4 {[%clk 0:43:31]} 23. Qd3
{[%clk 0:20:15]} Rxf5 {[%clk 0:43:03]} 24. Qxf5 {[%clk 0:17:07]} Rxc1+ {[%clk
0:40:49]} 25. Rxc1 {[%clk 0:17:33]} Ba6 {[%clk 0:40:30]} 26. Re1 {[%clk 0:15:52]}
d3 {[%clk 0:25:35]} 27. Nfg1 {[%clk 0:16:11]} Nc5 {[%clk 0:23:30]} 28. Qf3 {[%clk
0:14:06]} Qd2 {[%clk 0:17:00]} 29. Ng3 {[%clk 0:10:41]} Qg5 {[%clk 0:14:57]} 30.
Rd1 {[%clk 0:08:19]} Nxa4 {[%clk 0:08:15]} 31. Nh3 {[%clk 0:05:08]} Nxb2 {[%clk
0:03:52]} 32. Nxg5 {[%clk 0:05:02]} 1-0